000 00961nam a2200253 a 4500
003 DO-SdBNP
005 20250901122010.0
008 111004s2010 000 spa d
020 _a9789945866667
040 _aDO-SdBNP
_bspa
_cBNPHU
_erda
082 4 _a306.097293
_bC397a 2009
_222
110 2 _aCentro Cultural Eduardo León Jimenes
245 1 0 _aAnuario 2009 :
_bla cultura : innovación y desarrollo
264 _aSantiago de los Caballeros, República Dominicana :
_bCentro Cultural,
_c2010
300 _a132 páginas :
_bilustraciones ; fotografías, retratos,
_c29 cm.
336 _atexto
_btxt
_2rdacontent
337 _asin mediación
_bn
_2rdamedia
338 _asin mediación
_bn
_2rdamedia
610 2 _aCentro Cultural Eduardo León Jimenes.
650 7 _aArte
_zRepública Dominicana
_vExposiciones
_y2009
_988561
650 7 _aCultura
_zRepública Dominicana
_y2009
_988562
910 _aValidado. Control de calidad MFF
942 _2ddc
_cLBS1
999 _c33968
_d33968